000 00617nam a22002297a 4500
001 0011911
003 DO-SdBNP
005 20180219133047.0
007 0011911
008 161206b 2003 cl||||| |||| 00| 0 spa d
020 _a9580418624
040 _aBPMSU
_bspa
_cBPMSU
100 1 _aDa Coll, Ivar
245 1 _aChigüiro y el baño /
_bIvar Da Coll
260 _aBogotá, Colombia :
_bFundalectura,
_bNorma,
_c2003.
300 _a28 p. :
_bil.,
_c18 cm.
490 1 _aBuenas noches
830 0 _aBuenas noches
942 _2ddc
_cBK
945 _aInventariado, 2018/MFF
956 _aBTAVÁREZ
_b10
_c20161206
_d0011911
999 _c12334
_d12334